000 00702nam a2200217Ii 4500
003 JO-AjNU
008 230605s9999||||xx |||||||||||||| ||und||
017 _a1985/3968
020 _a977-142-002-3
040 _aJO-AjNU
_bara
_erda
_cJO-AjNU
041 _aara
050 1 4 _aBP144.M2 1900
100 3 _aمخلوف، حسنين محمد,
_eauthor
_923696
245 0 0 _aفتاوى شرعية وبحوث إسلامية، ج2
264 3 1 _aد.م: دار الإعتصام، د.ت
300 _aج2، 326ص
336 _atext
_btxt
_2rdacontent
337 _aunmediated
_bn
_2rdamedia
338 _avolume
_bnc
_2rdacarrier
650 4 _aالفقه الاسلامي- الاسلام- متفرقات
_923697
999 _aA8613
_c12181
_d12181